000 00553nam a22001817a 4500
005 20251108165322.0
008 250721s1987 xx 000 0 ara d
082 1 4 _a634/يوس
100 1 _aيوسف، يوسف حنا
245 1 0 _aإكثار أشجار الفاكهة /
264 1 _aبغداد :
_bوزارة التعليم العالي و البحث العلمي،
_c1987.
300 _a584ص
650 1 7 _aالفاكهة
650 1 7 _aالإنتاج الزراعي
650 1 7 _aعلم البساتين
942 _2ddc
_cBK
999 _c24984
_d24984